00688nam a22001937a 4500003000400000005001700004008004100021020001500062040003000077050002500107110002700132245009200159260004500251300004600296650005500342650006500397942001500462999001700477OSt20240808085544.0240806b |||||||| |||| 00| 0 eng d a082130996X cChuka University Library. aLC 95 b.A35E38 1988 aThe world bank 917369 aEducation in Sub-Saharan Africa: Policies for adjustment, revitalization and expansion. aWashington, D.C.bThe World Bank.c1988. aVarious pagings.bColoured illustrations. aEducation and state -- Africa, sub-saharan.917370 aEducation -- economic aspects -- Africa, sub-saharan.917371 2lcccBKn0 c18162d18162